The Exchange (Registo nº 75943)

Detalhes MARC
000 -Etiqueta do registo
campo de controlo de comprimento fixo 00491 2200193 4500
001 - Identificador do registo
Campo de controlo 75943
005 - Identificador da versão
Campo de controlo 20260317160659.0
010 ## - ISBN
Número (ISBN) 978-1-399-72486-9
100 ## - Dados Gerais de Proc.
Dados gerais de processamento 20260317d2024 m||y0pory50 ba
101 0# - Língua da publicação
Língua do texto, banda sonora, etc. Inglês
102 ## - País de Publicação
País de publicação Reino Unido
200 1# - Título
Título próprio The Exchange
Primeira menção de responsabilidade John Grisham
210 ## - Publicação, Distribuição
Lugar da edição, distribuição, etc. London
Nome do editor, distribuidor, etc. Hodder & Stoughton
Data da publicação, distribuição, etc. 2024
215 ## - Descrição física
Descrição física 360 [2] p.
606 ## - Nome comum
Elemento de entrada Literatura estrangeira
Koha Internal code 2081
675 ## - CDU
Notação 821.111-312.4
Edição BN
Língua da edição Português
700 ## - Responsabilidade principal
Palavra de ordem Grisham
Outra parte do nome John
Datas 1955-
Koha Internal Code 23165
090 ## - Números de controlo do sistema (Koha)
Número biblioitem do Koha (gerado automaticamente) 75943
942 ## - Elementos de entrada adicionados (Koha)
Tipo de item no Koha Monografias
Suprimido Disponível no OPAC
Exemplares
Removido (estado) Perdido (estado) Data de aquisição Origem do registo (biblioteca) (codificado) Código da organização que empresta ou é detentora (biblioteca) Código de barras Número de inventário Cota Tipo de circulação (não pode ser emprestado) Tipo de item e material
Disponível Disponível 2026-03-17 Biblioteca EB23 D. Paio Peres Correia Biblioteca EB23 D. Paio Peres Correia BEDPPC10687 10687 82.01(ing)-31 GRI Normal Monografias